[Event "South Wales Winter Open"]
[Site "?"]
[Date "2025.01.18"]
[Round "3.13"]
[White "Jansen Van Rensburg, Leon"]
[Black "Thomas, Roy"]
[Result "0-1"]
[WhiteElo "1707"]
[BlackElo "1837"]
[PlyCount "84"]
[GameId "2149921642893446"]
[EventDate "2025.01.21"]

1. e4 c5 2. c3 Nf6 3. d4 Nxe4 4. dxc5 Nxc5 5. Nf3 Nc6 6. Be3 Ne6 7. Bc4 d6 8. O-O g6 9. Nd4 Nexd4 10. Bxd4 e5 11. Qf3 Qe7 12. Re1 Bg7 13. Na3 O-O 14. Bd5 Qd7 15. Be3 Ne7 16. Rad1 Nxd5 17. Qxd5 Qe6 18. Qxd6 Qxa2 19. Qb4 Qe6 20. Nc4 b6 21. Nd6 Bd7 22. Qe4 f5 23. Qd5 Qxd5 24. Rxd5 Bc6 25. Rdd1 Rad8 26. Bg5 Rd7 27. Nc4 Rxd1 28. Rxd1 h6 29. Be7 Re8 30. Rd8 Rxd8 31. Bxd8 Kf7 32. Bc7 Ke6 33. Bb8 Bd5 34. Na3 a6 35. c4 Bc6 36. Bc7 b5 37. c5 Be4 38. b4 Bd3 39. Bb6 Kd5 40. f3 e4 41. Kf2 Bb2 42. Nxb5 axb5 0-1

[Event "South Wales Winter Open"]
[Site "?"]
[Date "2025.01.18"]
[Round "3.14"]
[White "Parri, Deio"]
[Black "Harris, Callum"]
[Result "0-1"]
[WhiteElo "1754"]
[BlackElo "1897"]
[PlyCount "82"]
[GameId "2149921642893447"]
[EventDate "2025.01.21"]

1. d4 Nf6 2. c4 g6 3. Nc3 Bg7 4. e4 d6 5. Be2 O-O 6. Nf3 c6 7. O-O Nbd7 8. Bg5 h6 9. Be3 Ng4 10. Bd2 e5 11. d5 a5 12. h3 Ngf6 13. Be3 Qc7 14. Rc1 Ne8 15. Qd2 Kh7 16. Nh2 f5 17. f4 Ndf6 18. exf5 gxf5 19. Nf3 Nh5 20. Kh2 Qf7 21. Rg1 Qg6 22. g3 Qf7 23. Rcf1 e4 24. Nd4 Bxd4 25. Bxd4 c5 26. Be3 Rg8 27. Rg2 Nhf6 28. Rfg1 h5 29. Nd1 Nc7 30. Nf2 Rg7 31. Qd1 Bd7 32. Rh1 Rag8 33. g4 fxg4 34. hxg4 Bxg4 35. Rhg1 Bxe2 36. Rxg7+ Rxg7 37. Rxg7+ Qxg7 38. Qxe2 h4 39. Bc1 Qg3+ 40. Kh1 h3 41. Nxe4 Qg2+ 0-1

[Event "South Wales Winter Open"]
[Site "?"]
[Date "2025.01.18"]
[Round "2.6"]
[White "Binks, Michael"]
[Black "Jukes, Sam"]
[Result "0-1"]
[WhiteElo "1977"]
[BlackElo "1910"]
[PlyCount "73"]
[GameId "2149921642897545"]
[EventDate "2025.01.22"]

1. d4 Nf6 2. Bf4 e6 3. e3 c5 4. c3 Nc6 5. Nd2 d5 6. Bd3 Qb6 7. Qb3 c4 8. Qxb6 axb6 9. Be2 b5 10. Bf3 b4 11. Ne2 Be7 12. O-O O-O 13. g4 Bd7 14. g5 Ne8 15. e4 Ra5 16. Rfb1 dxe4 17. Nxe4 f6 18. gxf6 Nxf6 19. Nd2 Rf5 20. Bg3 b5 21. Kg2 Nd8 22. Kf1 g5 23. Ng1 g4 24. Be4 Nxe4 25. Nxe4 Bc6 26. Re1 h5 27. h4 Bxe4 28. Rxe4 Bd6 29. Bxd6 Rxf2+ 30. Ke1 Rf1+ 31. Kd2 Rxa1 32. Bxf8 Kxf8 33. Ne2 bxc3+ 34. Kxc3 Rxa2 35. Ng3 Ra7 36. Nxh5 Rh7 37. Kb4 0-1

[Event "South Wales Winter Open"]
[Site "?"]
[Date "2025.01.18"]
[Round "2.7"]
[White "Rathbone-Jones, Ifan"]
[Black "Turner, Joseph David"]
[Result "1-0"]
[Annotator "Paul,Hatchett"]
[WhiteElo "2159"]
[BlackElo "1852"]
[PlyCount "83"]
[GameId "2149921642901642"]
[EventDate "2025.01.22"]

1. Nf3 d5 2. d4 Nf6 3. Bf4 e6 4. e3 Ne4 5. Bd3 g5 6. Bg3 h5 7. h4 Nxg3 8. fxg3 g4 9. Ng1 f5 10. Ne2 c5 11. c3 Nc6 12. O-O c4 13. Bc2 Bh6 14. Nf4 O-O 15. b3 cxb3 16. axb3 Bxf4 17. exf4 Ne7 18. Nd2 Ng6 19. Re1 Bd7 20. Re3 Qb6 21. Qe2 Rae8 22. b4 a6 23. Nb3 Bb5 24. Qd2 Qd6 25. Nc5 b6 26. Nxa6 (26. Nxe6) 26... Ra8 27. Bd3 Bxa6 28. Rxa6 Rxa6 29. Bxa6 Ra8 30. Bb5 Ra1+ 31. Re1 Ra3 32. Qb2 Ra7 33. Ra1 Rc7 34. Ra3 Nxf4 35. Ra8+ Kh7 36. Qd2 Ng6 37. Be8 Qe7 38. Bxg6+ Kxg6 39. Rh8 Qg7 40. Qg5+ Kf7 41. Qxh5+ Ke7 42. Rh7 1-0

[Event "South Wales Winter Open"]
[Site "?"]
[Date "2025.01.18"]
[Round "2.8"]
[White "Brown, Thomas"]
[Black "Szakmany, Bence"]
[Result "1-0"]
[WhiteElo "2118"]
[BlackElo "1930"]
[PlyCount "79"]
[GameId "2149921642901643"]
[EventDate "2025.01.22"]

1. d4 Nf6 2. Bg5 d5 3. Bxf6 gxf6 4. Nf3 c5 5. dxc5 Nc6 6. c4 dxc4 7. Qxd8+ Kxd8 8. Nbd2 c3 9. bxc3 Bg4 10. O-O-O Bxf3 11. exf3 Kc7 12. f4 Rd8 13. Bc4 e6 14. Nb3 Bh6 15. g3 e5 16. Bxf7 exf4 17. Kc2 Rxd1 18. Rxd1 Rd8 19. Rxd8 Nxd8 20. Bg8 fxg3 21. hxg3 Bf8 22. Kd3 h6 23. Ke4 Nc6 24. Kf5 Be7 25. f4 Bd8 26. Bf7 a5 27. Nd4 Nxd4+ 28. cxd4 Kd7 29. d5 b6 30. cxb6 Bxb6 31. Kxf6 Bf2 32. g4 Be3 33. Be6+ Kd6 34. g5 Bxf4 35. g6 Be5+ 36. Kf7 h5 37. g7 Bxg7 38. Kxg7 h4 39. Kg6 h3 40. Bxh3 1-0

[Event "South Wales Winter Open"]
[Site "?"]
[Date "2025.01.19"]
[Round "4.1"]
[White "Holm, Kristian Sturvik"]
[Black "Turner, George"]
[Result "1-0"]
[WhiteElo "2492"]
[BlackElo "1930"]
[PlyCount "73"]
[GameId "2149921642905740"]
[EventDate "2025.01.22"]

1. d4 Nf6 2. c4 g6 3. Nc3 Bg7 4. e4 d6 5. Be2 O-O 6. Be3 e5 7. d5 c6 8. Nf3 cxd5 9. cxd5 h6 10. Nd2 Ne8 11. g4 Qh4 12. Rg1 Qe7 13. Rc1 Bd7 14. Qb3 Bc8 15. Nb5 Na6 16. Nxa7 Nec7 17. Nc4 Bd7 18. Qb6 Rfb8 19. Qxd6 Qxd6 20. Nxd6 Bf8 21. Ndb5 Bxb5 22. Nxb5 Nxb5 23. Bxb5 Kg7 24. a3 Bd6 25. Kd2 Nc7 26. Bd3 Ne8 27. Rc3 Rd8 28. Rb3 Rd7 29. Bb5 Re7 30. Bxe8 Raxe8 31. Rc1 f5 32. gxf5 gxf5 33. Rg1+ Kh7 34. Bxh6 Rg8 35. Bg5 Rd7 36. Rh3+ Kg7 37. Be7+ 1-0

[Event "South Wales Winter Open"]
[Site "?"]
[Date "2025.01.19"]
[Round "4.2"]
[White "Brown, Thomas"]
[Black "Toczek, Grzegorz"]
[Result "0-1"]
[WhiteElo "2118"]
[BlackElo "2239"]
[PlyCount "90"]
[GameId "2149921642905741"]
[EventDate "2025.01.22"]

1. d4 Nf6 2. Bg5 e6 3. e4 h6 4. Bxf6 Qxf6 5. Nc3 Bb4 6. Qd2 c5 7. e5 Qe7 8. a3 Ba5 9. b4 cxb4 10. Nb5 Nc6 11. axb4 Bb6 12. Nd6+ Kf8 13. Nf3 Bc7 14. b5 Nd8 15. Nxc8 Rxc8 16. Bd3 Bb8 17. O-O b6 18. c4 d6 19. Rfe1 g5 20. Qe3 Kg7 21. g3 dxe5 22. Nxe5 Re8 23. f4 f6 24. Ng6 Qd6 25. Rac1 Nf7 26. Ne5 fxe5 27. fxe5 Nxe5 28. dxe5 Qc5 29. Kg2 Qxe3 30. Rxe3 Rc5 31. Rce1 Rd8 32. h4 g4 33. h5 Kf7 34. Rf1+ Ke7 35. Be2 Rd2 36. Rf4 Rxe5 37. Rxe5 Bxe5 38. Re4 Kf6 39. Kf1 Kf5 40. Ke1 Ra2 41. Bd3 Bxg3+ 42. Kd1 Ra3 43. Kc2 Be5 44. c5 Rc3+ 45. Kd2 Rxc5 0-1

[Event "South Wales Winter Open"]
[Site "?"]
[Date "2025.01.19"]
[Round "4.3"]
[White "Rathbone-Jones, Ifan"]
[Black "Jukes, Sam"]
[Result "1-0"]
[WhiteElo "2159"]
[BlackElo "1910"]
[PlyCount "105"]
[GameId "2149921642909838"]
[EventDate "2025.01.22"]

1. d4 Nf6 2. Nf3 e6 3. g3 b6 4. Bg2 Bb7 5. O-O Be7 6. c4 O-O 7. b3 d6 8. Nbd2 Ne4 9. Qc2 f5 10. Rd1 Nd7 11. Bb2 Nxd2 12. Nxd2 Bxg2 13. Kxg2 d5 14. cxd5 exd5 15. Qc6 Nf6 16. Qe6+ Kh8 17. Rac1 Ng4 18. Qc6 Bd6 19. h3 Nf6 20. Nf3 f4 21. g4 Qe8 22. Ne5 Qxc6 23. Rxc6 Rae8 24. Rdc1 Ng8 25. Kf1 Ne7 26. Rxc7 Bxc7 27. Rxc7 Ng6 28. Ba3 Rc8 29. Rxa7 Ra8 30. Bxf8 Rxa7 31. Nxg6+ hxg6 32. a4 Kg8 33. Bd6 g5 34. Kg2 Kf7 35. h4 Ke6 36. Be5 gxh4 37. Bxf4 g5 38. Bxg5 Rg7 39. f4 Rc7 40. f5+ Kf7 41. Bxh4 Rc3 42. Bg3 Rxb3 43. Be5 Ra3 44. Bc7 Rxa4 45. Bxb6 Rb4 46. Bc5 Rb3 47. g5 Re3 48. Kf2 Re4 49. Kf3 Kg7 50. Bd6 Kf7 51. Be5 Ke7 52. g6 Kf8 53. f6 1-0

[Event "South Wales Winter Open"]
[Site "?"]
[Date "2025.01.19"]
[Round "4.4"]
[White "Robinson, David"]
[Black "Fathallah, Joe"]
[Result "0-1"]
[WhiteElo "1881"]
[BlackElo "2036"]
[PlyCount "32"]
[GameId "2149921642909839"]
[EventDate "2025.01.22"]

1. e4 e6 2. d4 d5 3. Nc3 Nf6 4. e5 Nfd7 5. Nce2 c5 6. c3 Nc6 7. f4 cxd4 8. cxd4 Qb6 9. Nf3 Bb4+ 10. Bd2 O-O 11. a3 Bxd2+ 12. Qxd2 f6 13. Nc3 fxe5 14. fxe5 Rxf3 15. gxf3 Nxd4 16. Qf2 Nxe5 0-1

[Event "South Wales Winter Open"]
[Site "?"]
[Date "2025.01.19"]
[Round "4.5"]
[White "Musson, Adam J"]
[Black "May, Adam J"]
[Result "1-0"]
[Annotator "Home"]
[WhiteElo "2017"]
[BlackElo "1906"]
[PlyCount "75"]
[GameId "2149921642909840"]
[EventDate "2025.01.22"]

{[%evp 0,75,11,21,28,30,21,18,0,14,6,31,22,10,39,31,76,32,-28,0,11,-1,-1,5,-8,26,-55,28,66,93,76,61,86,18,70,49,0,118,100,108,111,92,5,58,100,100,126,30,151,66,121,126,131,104,184,134,182,183,252,146,28,195,221,185,1,217,14,209,229,271,347,84,410,242,418,360,430,163]} 1. e4 c6 2. Nf3 d5 3. d3 dxe4 4. dxe4 Qxd1+ 5. Kxd1 g6 6. c3 Bg4 7. Be2 Nd7 8. Nfd2 Bxe2+ 9. Kxe2 Bh6 10. a4 Ngf6 11. f3 O-O 12. Nb3 Bxc1 13. Rxc1 Rfc8 14. N1d2 Kf8 15. Rd1 Ke8 16. g4 h6 17. h4 h5 18. g5 Nh7 19. f4 Nhf8 20. Nf3 Ne6 21. Ke3 c5 22. f5 Nd8 23. Na5 b6 24. Nc4 Nc6 25. Rd5 Rab8 26. Rad1 Nf8 27. Nce5 Nxe5 28. Nxe5 a6 29. Nd7 Rb7 30. Nxf8 Kxf8 31. Rd7 Rxd7 32. Rxd7 Rb8 33. Kf4 b5 34. a5 Ra8 35. Ke5 c4 36. fxg6 fxg6 37. Ke6 Re8 38. Ra7 1-0

[Event "South Wales Winter Open"]
[Site "?"]
[Date "2025.01.19"]
[Round "4.6"]
[White "Turner, Joseph David"]
[Black "Pleasants, Allan"]
[Result "0-1"]
[WhiteElo "1852"]
[BlackElo "1990"]
[PlyCount "88"]
[GameId "2149921642913937"]
[EventDate "2025.01.22"]

1. e4 c5 2. c3 g6 3. Bc4 Nc6 4. Nf3 Bg7 5. Na3 a6 6. O-O b5 7. Bd5 Bb7 8. d4 cxd4 9. cxd4 Nf6 10. Bg5 O-O 11. Nc2 Qb6 12. Bxf6 Bxf6 13. e5 Bg7 14. Ne3 Rac8 15. Rc1 e6 16. Be4 f5 17. Bb1 Ne7 18. Rc5 d6 19. exd6 Qxd6 20. Qb3 Nd5 21. Rfc1 Rcd8 22. Qd1 Bh6 23. Qd2 Nf4 24. Rc7 Bxf3 25. gxf3 Qxd4 26. Qxd4 Rxd4 27. Kf1 Rfd8 28. a3 Rd2 29. Ba2 Rxb2 30. R1c2 Rd2 31. Rc8+ Bf8 32. Rxd2 Rxd2 33. Bb3 Rb2 34. Bc2 Ra2 35. Ke1 Rxa3 36. Kd2 Kf7 37. Rc7+ Be7 38. Bd1 Kf6 39. Nc2 Rd3+ 40. Kc1 Rd6 41. Nb4 Rxd1+ 42. Kxd1 Bxb4 43. Rc6 a5 44. Rb6 Nd3 0-1

[Event "South Wales Winter Open"]
[Site "?"]
[Date "2025.01.19"]
[Round "4.8"]
[White "Thomas, Roy"]
[Black "Kett, Tim"]
[Result "0-1"]
[WhiteElo "1837"]
[BlackElo "2104"]
[PlyCount "56"]
[GameId "2149921642918035"]
[EventDate "2025.01.21"]

1. f4 d5 2. Nf3 Bg4 3. e3 Nd7 4. h3 Bxf3 5. Qxf3 e5 6. Qxd5 Qh4+ 7. Kd1 O-O-O 8. fxe5 Qe7 9. Qa5 Kb8 10. Nc3 Nxe5 11. Qa4 Nf6 12. Be2 g6 13. d3 Bg7 14. Bd2 Rhe8 15. d4 Ned7 16. Bf3 Nb6 17. Qb5 c6 18. Qb3 Nfd5 19. Nxd5 cxd5 20. Be2 Qe4 21. Rf1 Qxg2 22. Rxf7 Qh1+ 23. Be1 Bh6 24. Rf3 Nc4 25. e4 dxe4 26. Rf7 Rxd4+ 27. Bd3 exd3 28. cxd3 Qxe1+ 0-1

[Event "South Wales Winter Open"]
[Site "?"]
[Date "2025.01.19"]
[Round "4.9"]
[White "Binks, Michael"]
[Black "Szakmany, Bence"]
[Result "0-1"]
[WhiteElo "1977"]
[BlackElo "1930"]
[PlyCount "82"]
[GameId "2149921642922132"]
[EventDate "2025.01.21"]

1. d4 Nf6 2. Bf4 d5 3. e3 c5 4. c3 Nc6 5. Nd2 Qb6 6. Qb3 c4 7. Qxb6 axb6 8. a3 b5 9. Rc1 Bf5 10. Ngf3 h6 11. h3 g5 12. Bh2 Bg7 13. Ne5 Ne4 14. Ndf3 f6 15. Nxc6 bxc6 16. Be2 O-O 17. Nd2 Nxd2 18. Kxd2 e5 19. Ra1 Be4 20. Rhg1 Rfd8 21. f3 Bh7 22. Rgd1 c5 23. Bg1 cxd4 24. exd4 e4 25. g4 Re8 26. Rf1 Re6 27. Rae1 Rae8 28. fxe4 Bxe4 29. Bf3 Kf7 30. Bxe4 Rxe4 31. Rxe4 Rxe4 32. a4 bxa4 33. Ra1 h5 34. gxh5 Bh6 35. Be3 Rh4 36. Rxa4 Rxh5 37. Ra7+ Ke6 38. Ra6+ Kf5 39. Rd6 Rxh3 40. Rxd5+ Ke4 41. Rd6 Rh2+ 0-1

[Event "South Wales Winter Open"]
[Site "?"]
[Date "2025.01.19"]
[Round "4.11"]
[White "Besston, Darson"]
[Black "Shevchenko, Danylo"]
[Result "0-1"]
[WhiteElo "1777"]
[BlackElo "1727"]
[PlyCount "66"]
[GameId "2149921642922133"]
[EventDate "2025.01.21"]

1. e4 e5 2. Nf3 Nc6 3. Bc4 Bc5 4. c3 Nf6 5. d4 exd4 6. b4 Bb6 7. e5 d5 8. exf6 dxc4 9. Qe2+ Be6 10. a4 O-O 11. a5 Re8 12. O-O Bg4 13. Qxc4 Bxf3 14. axb6 Be2 15. bxc7 Qxc7 16. Qc5 Qe5 17. Re1 Qxf6 18. Bg5 Qg6 19. cxd4 b6 20. Qc3 Rac8 21. Bf4 Ne5 22. Qg3 Qxg3 23. hxg3 Nd3 24. Rxe2 Rxe2 25. Nd2 Nxf4 26. Nf3 Nd3 27. Rxa7 Rc1+ 28. Kh2 h6 29. g4 Rxf2 30. g5 Rcc2 31. d5 Rxg2+ 32. Kh3 Nf4+ 33. Kh4 Rc3 0-1

[Event "South Wales Winter Open"]
[Site "?"]
[Date "2025.01.19"]
[Round "4.12"]
[White "Morgans, Justin"]
[Black "Hollyman, Mike"]
[Result "1-0"]
[WhiteElo "1737"]
[BlackElo "1632"]
[PlyCount "143"]
[GameId "2149921642926231"]
[EventDate "2025.01.21"]

1. d4 Nf6 2. Nf3 d5 3. e3 c5 4. b3 Nc6 5. Be2 e6 6. O-O cxd4 7. exd4 Bd6 8. Bb2 O-O 9. Nbd2 Re8 10. Ne5 Qc7 11. Ndf3 Nd7 12. Nxc6 bxc6 13. Bd3 f6 14. h3 e5 15. dxe5 fxe5 16. Bf5 Nf6 17. Bxc8 Raxc8 18. Nd2 Rf8 19. c4 d4 20. Qe2 Rf7 21. a3 c5 22. Bc1 Qb7 23. f3 Nh5 24. Ne4 Be7 25. Qd3 h6 26. Bd2 Rcf8 27. Rab1 Nf4 28. Bxf4 Rxf4 29. Rf2 Qa6 30. b4 cxb4 31. axb4 Qg6 32. Kh1 Bh4 33. Rff1 R4f7 34. c5 Rc8 35. Qc4 Be7 36. Qd5 Qf5 37. Ra1 Rd8 38. Qb3 Bg5 39. Rxa7 d3 40. Rxf7 Qxf7 41. Qxf7+ Kxf7 42. Nxg5+ hxg5 43. Rd1 Ke6 44. Kg1 Rd4 45. Kf2 Kd5 46. Ke3 Rxb4 47. Rxd3+ Kxc5 48. Rd7 g6 49. Kf2 Rb2+ 50. Kg3 Rb6 51. Rg7 Kd5 52. Kg4 Rb2 53. g3 Rb4+ 54. Kxg5 e4 55. fxe4+ Rxe4 56. Rxg6 Re5+ 57. Kh6 Re8 58. h4 Ke5 59. g4 Kf4 60. h5 Rf8 61. Kg7 Rd8 62. h6 Rd7+ 63. Kh8 Rd8+ 64. Rg8 Rd7 65. g5 Kf5 66. Rg7 Rd6 67. Kh7 Rd8 68. g6 Kf6 69. Rf7+ Ke6 70. Rf2 Rd7+ 71. g7 Ke5 72. Kh8 1-0

[Event "South Wales Winter Open"]
[Site "?"]
[Date "2025.01.19"]
[Round "4.13"]
[White "Dixon, Chris"]
[Black "Jansen Van Rensburg, Leon"]
[Result "1/2-1/2"]
[WhiteElo "1784"]
[BlackElo "1707"]
[PlyCount "97"]
[GameId "2149921642926232"]
[EventDate "2025.01.21"]

1. d4 d5 2. Nf3 Nf6 3. e3 Bg4 4. h3 Bh5 5. c3 e6 6. Bd3 c5 7. Nbd2 Nc6 8. O-O Be7 9. Qc2 c4 10. Be2 Bg6 11. Qd1 O-O 12. Re1 Qc7 13. Nh4 b5 14. Nxg6 hxg6 15. Bf3 Rad8 16. Qc2 e5 17. dxe5 Nxe5 18. Be2 g5 19. Nf3 Ne4 20. Nxe5 Qxe5 21. f4 Qc7 22. Bf3 f5 23. Bd2 Qb6 24. Bxe4 dxe4 25. g3 Rd3 26. b3 gxf4 27. gxf4 Bc5 28. Kf2 Rfd8 29. Rad1 Qf6 30. Kg2 Qd6 31. Re2 Bxe3 32. Bxe3 Rxd1 33. Bd4 Qg6+ 34. Kh2 Rd3 35. Rg2 Qh5 36. Rxg7+ Kf8 37. Qg2 Qxh3+ 38. Qxh3 Rxh3+ 39. Kxh3 Rxd4 40. Rxa7 cxb3 41. axb3 Rd3+ 42. Kg2 Rxc3 43. Rd7 Rxb3 44. Rd5 b4 45. Rxf5+ Kg7 46. Re5 e3 47. Kf3 e2+ 48. Kxe2 Kf6 49. Rb5 1/2-1/2

[Event "South Wales Winter Open"]
[Site "?"]
[Date "2025.01.19"]
[Round "4.14"]
[White "Probert, Malcolm"]
[Black "Parri, Deio"]
[Result "1/2-1/2"]
[WhiteElo "1734"]
[BlackElo "1754"]
[PlyCount "104"]
[GameId "2149921642930329"]
[EventDate "2025.01.21"]

1. Nf3 d5 2. d4 Nf6 3. g3 g6 4. Bg2 Bg7 5. O-O O-O 6. Nbd2 Nbd7 7. c4 c6 8. b3 Re8 9. Bb2 e6 10. Qc2 b6 11. Rac1 Bb7 12. Rfd1 Rc8 13. e4 dxe4 14. Nxe4 Nxe4 15. Qxe4 Nf6 16. Qe2 Qe7 17. c5 Nd7 18. cxb6 axb6 19. Nd2 Qd8 20. Nc4 Qc7 21. Ba3 Bf8 22. Bxf8 Kxf8 23. Qc2 Kg8 24. Ne3 Qd6 25. Nc4 Qe7 26. Ne5 Nxe5 27. dxe5 c5 28. Rd6 Bxg2 29. Kxg2 Qc7 30. Rcd1 Rcd8 31. Qd2 Rxd6 32. Qxd6 Qxd6 33. Rxd6 Rb8 34. Kf3 Ra8 35. a4 b5 36. axb5 Rb8 37. Rd3 Rxb5 38. Ke3 Kf8 39. f4 Ke7 40. h4 Rb7 41. Kd2 Rd7 42. g4 h5 43. gxh5 gxh5 44. Rxd7+ Kxd7 45. Kd3 Kc7 46. Kc3 Kb6 47. b4 Kb5 48. bxc5 Kxc5 49. Kd3 Kd5 50. Ke3 Kc4 51. Ke4 Kc5 52. Ke3 Kd5 1/2-1/2

[Event "South Wales Winter Open"]
[Site "?"]
[Date "2025.01.19"]
[Round "5.1"]
[White "Toczek, Grzegorz"]
[Black "Musson, Adam"]
[Result "1-0"]
[WhiteElo "2239"]
[BlackElo "2017"]
[PlyCount "95"]
[GameId "2149921642934426"]
[EventDate "2025.01.21"]

1. e4 e5 2. Nf3 Nc6 3. Bc4 Nf6 4. d3 Bc5 5. Nbd2 a6 6. Nf1 d6 7. Ng3 Na5 8. Qe2 h6 9. O-O Nxc4 10. dxc4 Bg4 11. h3 Be6 12. Rd1 Qe7 13. b3 Rg8 14. Nh2 O-O-O 15. Nhf1 g5 16. Ne3 g4 17. h4 Bxe3 18. Qxe3 Nd7 19. h5 Rdf8 20. Qe2 f5 21. exf5 Bxf5 22. Bxh6 Rf6 23. Be3 Qh7 24. Rd2 Be4 25. Nxe4 Qxe4 26. Qd3 Qf5 27. Qxf5 Rxf5 28. h6 Rh5 29. g3 Nf6 30. Kg2 Rh8 31. Rdd1 Rh7 32. Rh1 Rf5 33. Raf1 e4 34. Bd4 c6 35. Re1 d5 36. cxd5 cxd5 37. c4 dxc4 38. bxc4 Kd7 39. Bxf6 Rxf6 40. Rxe4 Rfxh6 41. Rxh6 Rxh6 42. Rxg4 a5 43. Rg5 b6 44. Rd5+ Kc6 45. g4 a4 46. f4 Re6 47. Kf3 Re1 48. g5 1-0

[Event "South Wales Winter Open"]
[Site "?"]
[Date "2025.01.19"]
[Round "5.2"]
[White "Pleasants, Allan"]
[Black "Rathbone-Jones, Ifan"]
[Result "0-1"]
[WhiteElo "1989"]
[BlackElo "2159"]
[PlyCount "90"]
[GameId "2149921642934427"]
[EventDate "2025.01.21"]

1. d4 d5 2. Nf3 e6 3. e3 Nf6 4. Bd3 c5 5. b3 cxd4 6. exd4 Bd6 7. Bb2 Nc6 8. Nbd2 Qc7 9. a3 O-O 10. O-O e5 11. dxe5 Nxe5 12. Nxe5 Bxe5 13. Bxe5 Qxe5 14. Nf3 Qc7 15. h3 h6 16. Re1 Bd7 17. Qd2 Rfe8 18. Qb4 Ne4 19. Qd4 Bc6 20. a4 b6 21. Rad1 Rad8 22. Nh2 Nc5 23. Nf3 Ne4 24. Nh2 Ng5 25. Ng4 Bb7 26. h4 Ne4 27. c4 Qc8 28. Ne3 dxc4 29. Qxc4 Nc5 30. Bf1 Re4 31. Qc3 Rxh4 32. Nf5 Qxf5 33. Rxd8+ Kh7 34. Qe5 Qg6 35. Re3 Qb1 36. Rg3 Ne6 37. Rdd3 Be4 38. Rd4 Bxg2 39. Kxg2 Rxd4 40. Qxd4 Qxf1+ 41. Kxf1 Nxd4 42. Rd3 Nc6 43. Rd6 Na5 44. b4 Nc4 45. b5 Nxd6 0-1

[Event "South Wales Winter Open"]
[Site "?"]
[Date "2025.01.19"]
[Round "5.3"]
[White "Fathallah, Joes"]
[Black "Van Kemenade, Rudy"]
[Result "1-0"]
[WhiteElo "2036"]
[BlackElo "1940"]
[PlyCount "113"]
[GameId "2149921642934428"]
[EventDate "2025.01.21"]

1. d4 Nf6 2. c4 e5 3. dxe5 Ng4 4. Nf3 Bc5 5. e3 Nc6 6. Be2 O-O 7. Nbd2 Re8 8. O-O Ncxe5 9. Nxe5 Nxe5 10. Nf3 Qf6 11. Rb1 a5 12. b3 Ra6 13. Bb2 Nxf3+ 14. Bxf3 Qg5 15. Qd5 Qxd5 16. cxd5 Rg6 17. Rbc1 Bb6 18. Rfd1 c6 19. Bd4 Bc7 20. g3 Bd8 21. e4 b6 22. e5 c5 23. Be4 Rh6 24. Be3 g5 25. h4 f6 26. hxg5 fxg5 27. f4 gxf4 28. Bxf4 Rh5 29. Re1 Bg5 30. Bf3 Rh3 31. Kg2 Bxf4 32. gxf4 Rh6 33. d6 Rf8 34. Bd5+ Kh8 35. Kg3 Ba6 36. Rh1 Rg6+ 37. Kf3 Bd3 38. Rh4 Bf5 39. Rch1 Rg7 40. Be4 Bxe4+ 41. Kxe4 Rff7 42. a4 Rg2 43. R1h3 Re2+ 44. Re3 Rf2 45. Rg4 Rd2 46. Reg3 Rd4+ 47. Ke3 h6 48. Rh4 Rb4 49. Rxh6+ Rh7 50. Rxh7+ Kxh7 51. Kf3 Rxb3+ 52. Kg4 c4 53. e6 Rxg3+ 54. Kxg3 c3 55. exd7 c2 56. d8=Q c1=Q 57. Qc7+ 1-0

[Event "South Wales Winter Open"]
[Site "?"]
[Date "2025.01.19"]
[Round "5.4"]
[White "Turner, George"]
[Black "Brown, Thomas"]
[Result "0-1"]
[WhiteElo "1930"]
[BlackElo "2118"]
[PlyCount "80"]
[GameId "2149921642934429"]
[EventDate "2025.01.21"]

1. e4 c5 2. Nf3 g6 3. d4 cxd4 4. Nxd4 Nc6 5. c4 Nf6 6. Nc3 Nxd4 7. Qxd4 d6 8. Be2 Bg7 9. Be3 O-O 10. Qd2 a5 11. O-O a4 12. Rad1 Qa5 13. Nd5 Nxd5 14. cxd5 Bd7 15. Bd4 Qxd2 16. Rxd2 Bxd4 17. Rxd4 Rfc8 18. Rc4 Rxc4 19. Bxc4 Rc8 20. Bd3 g5 21. a3 Rc5 22. Re1 Kg7 23. f3 Bb5 24. Bxb5 Rxb5 25. Re2 Kf6 26. Kf2 h5 27. Ke3 Ke5 28. Kd3 Rb3+ 29. Kc2 f6 30. Rd2 g4 31. fxg4 hxg4 32. Rd3 Kxe4 33. Rxb3 axb3+ 34. Kxb3 f5 35. Kc2 f4 36. h4 g3 37. h5 Kf5 38. h6 Kg6 39. Kd2 f3 40. Ke1 fxg2 0-1

[Event "South Wales Winter Open"]
[Site "?"]
[Date "2025.01.19"]
[Round "5.5"]
[White "Kett, Tim"]
[Black "Shevchenko, Danylo"]
[Result "1-0"]
[WhiteElo "2104"]
[BlackElo "1727"]
[PlyCount "38"]
[GameId "2149921642938526"]
[EventDate "2025.01.21"]

1. e4 e5 2. Nf3 Nc6 3. Bc4 Bc5 4. c3 Nf6 5. d4 exd4 6. cxd4 Bb4+ 7. Nc3 d6 8. d5 Ne5 9. Qa4+ Bd7 10. Qxb4 a5 11. Qb3 O-O 12. Nxe5 dxe5 13. O-O h5 14. Bg5 b6 15. Rad1 Qc8 16. Bxf6 gxf6 17. d6 Kh7 18. Nd5 b5 19. Be2 c5 1-0

[Event "South Wales Winter Open"]
[Site "?"]
[Date "2025.01.19"]
[Round "5.6"]
[White "Szakmany, Bence"]
[Black "Robinson, David"]
[Result "1/2-1/2"]
[WhiteElo "1930"]
[BlackElo "1881"]
[PlyCount "69"]
[GameId "2149921642938527"]
[EventDate "2025.01.21"]

1. e4 d5 2. exd5 Qxd5 3. d4 e5 4. dxe5 Qxd1+ 5. Kxd1 Nc6 6. Bf4 Bf5 7. c3 O-O-O+ 8. Kc1 Bc5 9. Bg3 f6 10. e6 Nge7 11. Bc4 Be4 12. Nf3 Nf5 13. Nbd2 Nxg3 14. fxg3 Bf5 15. Re1 Rhe8 16. b4 Bd6 17. Nh4 Bg4 18. Nhf3 Ne5 19. Nxe5 Bxe5 20. Re3 Bxe6 21. Bxe6+ Rxe6 22. Kc2 Rde8 23. Rae1 Kd7 24. Nf3 Bd6 25. Kd3 Rxe3+ 26. Rxe3 Rxe3+ 27. Kxe3 c5 28. b5 Ke6 29. c4 f5 30. Nd2 g5 31. Nb3 b6 32. a4 Bc7 33. Kf3 h5 34. Ke3 g4 35. Nc1 1/2-1/2

[Event "South Wales Winter Open"]
[Site "?"]
[Date "2025.01.19"]
[Round "5.7"]
[White "Jukes, Sam"]
[Black "Turner, Joseph David"]
[Result "1-0"]
[WhiteElo "1910"]
[BlackElo "1852"]
[PlyCount "53"]
[GameId "2149921642938528"]
[EventDate "2025.01.21"]

1. e4 e5 2. Nf3 Nc6 3. Bc4 Nf6 4. d3 Bc5 5. c3 Qe7 6. Nbd2 a6 7. b4 Ba7 8. Nf1 d6 9. Ng3 Ng4 10. O-O g6 11. d4 exd4 12. cxd4 f6 13. Bb2 Bd7 14. a4 Nxb4 15. h3 h5 16. Nh4 Qh7 17. Qb3 Nc6 18. Rab1 Bxd4 19. Bxd4 Nxd4 20. Qxb7 Bc6 21. Qb2 g5 22. Qxd4 gxh4 23. Nf5 Ne5 24. Bd5 Qd7 25. f4 Ng6 26. Qxf6 Bxd5 27. Ng7+ 1-0

[Event "South Wales Winter Open"]
[Site "?"]
[Date "2025.01.19"]
[Round "5.8"]
[White "May, Adam"]
[Black "Kong, Emma Zihan"]
[Result "0-1"]
[WhiteElo "1906"]
[BlackElo "1772"]
[PlyCount "70"]
[GameId "2149921642942625"]
[EventDate "2025.01.21"]

1. d4 d5 2. Nc3 Nf6 3. Bf4 a6 4. e3 c5 5. dxc5 Nc6 6. a3 e5 7. Bg5 d4 8. Ne4 Be7 9. Bxf6 gxf6 10. b4 f5 11. Ng3 Be6 12. exd4 Qxd4 13. Nf3 Qc3+ 14. Nd2 Bg5 15. Rb1 Rd8 16. Bd3 Qxd2+ 17. Qxd2 Bxd2+ 18. Kxd2 e4 19. Rhe1 exd3 20. cxd3 O-O 21. Kc3 Rfe8 22. Nh5 Re7 23. Re3 Kh8 24. Rbe1 Rg8 25. g3 b6 26. cxb6 Rb7 27. Nf4 Rc8 28. Nxe6 fxe6 29. d4 e5 30. dxe5 Nxb4+ 31. Kxb4 Rxb6+ 32. Ka4 Rc4+ 33. Ka5 Rb5+ 34. Kxa6 Rb2 35. Ka5 Rc8 0-1

[Event "South Wales Winter Open"]
[Site "?"]
[Date "2025.01.19"]
[Round "5.9"]
[White "Binks, Michael"]
[Black "Morgans, Justin"]
[Result "1/2-1/2"]
[WhiteElo "1977"]
[BlackElo "1737"]
[PlyCount "67"]
[GameId "2149921642942626"]
[EventDate "2025.01.21"]

1. d4 d5 2. c4 e6 3. Nc3 Nf6 4. Nf3 Be7 5. Bg5 O-O 6. cxd5 exd5 7. e3 c6 8. Qc2 h6 9. Bh4 Be6 10. Bd3 Nbd7 11. h3 Rc8 12. g4 Ne8 13. Bg3 c5 14. h4 Bxg4 15. Ng1 cxd4 16. exd4 Bb4 17. f3 Be6 18. Nge2 Nd6 19. Kf2 Bxc3 20. bxc3 Nc4 21. Rag1 Qb6 22. Bf4 Kh8 23. Qc1 Nde5 24. Bc2 Bd7 25. Rg3 f5 26. Rhg1 Rg8 27. R1g2 Nf7 28. Qg1 Rce8 29. Rxg7 Rxg7 30. Rxg7 Qe6 31. Nc1 Qf6 32. Rg6 Qxh4+ 33. Bg3 Qh5 34. Bf4 1/2-1/2